000 01049nam a22003377a 4500
003 CHAP
005 20220329143733.0
008 110511s1986 mx r 00010 spa d
010 _a101149
011 _a102121
035 _a112809
040 _cCHAP
082 0 4 _a616.994
_bG13 1986
100 1 _aGali, Hero
_944237
245 1 0 _aCómo curar el cáncer y cómo evitarlo por medio del naturismo
_c/por Hero Gali
250 _a2 ed.
260 _aMéxico, D.F. :
_bGómez Gómez Hnos.,
_c1986
300 _a96 p.
590 _aBATCH-UPD
_b10
_c20130110
_lUCH01
_h0914
590 _aBATCH-UPD
_b10
_c20130410
_lUCH01
_h0538
590 _aBATCH-UPD
_b10
_c20130914
_lUCH01
_h0744
590 _aCONVERSION
_b10
_c20130109
_lUCH01
_h1356
650 1 4 _aBotánica médica.
_914680
650 1 4 _aCáncer.
_924025
650 1 4 _aHomeopatia.
_956056
650 1 4 _aMateria médica.
_972929
650 1 4 _aMedicina alternativa.
_973914
901 _aBK
942 _cLIBRO
949 _a616.994 G13
_bBC
_cLIBRO
_d33724002254611
_eLIBRO
_f1986
_h114887
_i112809
_sb
999 _c101149
_d101149